Word Ladder: Boo Hoo Quiz Stats

 Plays Quiz Updated Oct 9, 2015

Score 0/22 Timer 02:00
1 Play Today
Hint 4-Letter Word % Correct
Where you hang pictures; Berlin had a famous oneWALL
95.5%
Cry loudly, like a wolf does at the moon?●HOWL●
94.7%
What you post when you want to get out of jail before trialBAIL
94.6%
A hole drilled in the earth to obtain waterWELL
94.1%
Cry loudly and mournfully, like a banshee?●WAIL●
94.1%
Life is just a ____ of cherriesBOWL
91.9%
Cry like a willow?●WEEP●
91.7%
Hold or maintainKEEP
90.3%
Cry your eyes out?●BAWL●
90.1%
Large, brown seaweed; sometimes it makes a forestKELP
88.7%
Something to fill; doughnut centerHOLE
88.6%
Hint 4-Letter Word % Correct
Turn from ice to waterMELT
87.1%
Shout; Billy Idol sang about a Rebel oneYELL
86.9%
Let out pitiful cries, like a puppy?●YELP●
86.7%
What carnivores eatMEAT
86.6%
Suffragist Julia Ward or hockey player GordieHOWE
83.9%
Something you drink at a soda fountain; type of whiskeyMALT
77.4%
What you shed when you are sad like this quiz●TEAR●
76.9%
Bosc and Anjou are two varieties of this fruitPEAR
76.4%
Fuel from bogsPEAT
76.4%
Hearty's partner; ____-Bopp cometHALE
75.2%
Term used to describe plug-style connectorsMALE
65.7%

Today's Daily Dose

Missing Word
Blue Things

Quick Pick
Country Ends

You're not logged in!

Compare scores with friends on all Sporcle quizzes.
OR
Log In

Show Comments

Extras

Top Quizzes Today


Score Distribution

Your Account Isn't Verified!

In order to create a playlist on Sporcle, you need to verify the email address you used during registration. Go to your Sporcle Settings to finish the process.

Report this User

Report this user for behavior that violates our Community Guidelines.

Details: